Statistiques concernant Pays commençant par la lettre C avec une carte

Cliquez ici pour prendre le quiz!

Statistiques générales

  • Ce quiz a été pris 1 560 fois
  • Le résultat moyen est 11 sur 15

Réponses sur la Carte

Les réponses sont colorées sur une échelle allant du rouge au vert en fonction du pourcentage des utilisateurs qui les ont devinées à leur premier essai. Vous pouvez retrouver ces pourcentages ci-dessous.
 

Statistiques - réponses

Pays% Correct
Canada
93%
Chine
89%
Croatie
80%
Colombie
79%
Chili
77%
Cameroun
76%
Corée du Nord
72%
Corée du Sud
72%
Cambodge
67%
Cuba
67%
Chypre
66%
Comores
65%
Costa Rica
63%
Cap-Vert
55%
Côte d'Ivoire
51%

Distribution des résultats

Percentile par nombre de réponses

% des personnes avec chaque résultat

Votre développement - résultats

Vous n’avez pas pris ce quiz